[Event "New York CITS"]
[Site "New York"]
[Date "1996.??.??"]
[Round "5"]
[White "De Firmian, Nick E"]
[Black "Adams, Michael"]
[Result "0-1"]
[WhiteElo "2595"]
[BlackElo "2660"]
[Annotator "Ftacnik,L"]
[PlyCount "66"]
[EventDate "1996.03.??"]
[EventType "tourn"]
[EventRounds "11"]
[EventCountry "USA"]
[EventCategory "13"]
[SourceTitle "CBM 052"]
[Source "ChessBase"]
[SourceDate "1996.06.01"]
[SourceVersion "1"]
[SourceVersionDate "1996.06.01"]
[SourceQuality "1"]

1. e4 e5 2. Nf3 Nc6 3. Bb5 a6 4. Ba4 Nf6 5. O-O Be7 6. Re1 b5 7. Bb3 O-O 8. c3
d5 9. exd5 Nxd5 10. Nxe5 Nxe5 11. Rxe5 c6 12. d4 Bd6 13. Re2 Qh4 14. g3 Qh3 15.
Nd2 Bf5 16. a4 Rae8 (16... Bd3 17. Re1 Rae8 18. Nf3 $1 Rxe1+ 19. Qxe1 h6 20.
axb5 axb5 21. Ne5 (21. Ra7 Nf6 $13) (21. Qd1 Be4 22. Qe2 Nf6 23. Bd2 Re8 24.
Re1 g5 25. Bd1 Kg7 26. Qf1 Qf5 27. Ne5 Bxe5 28. dxe5 Rxe5 29. c4 Qd7 30. Qe2
Re6 31. cxb5 cxb5 32. Bc3 $14 {1/2-1/2 Kindermann,S-Lukacs,P/Budapest Eurodata
(05)/1992/ (37)}) 21... Re8 22. Qd1 Bxe5 23. dxe5 (23. Qxd3 $2 Bxg3 $19) 23...
Qf5 (23... Rxe5 $2 24. Ra8+ Kh7 25. Qxd3+ $18) 24. Bxd5 cxd5 25. g4 Qg6 26. Bf4
Qe4 27. h3 h5 28. Bg3 Be2 29. Qd4 {1/2-1/2 Anand,V-Khalifman,A/Reggio Emilia/
1991/}) (16... Nf4 $2 17. gxf4 Rae8 18. Re5 $18) (16... b4 $6 17. Ne4 $1 Bg4
18. Nxd6 Qh5 19. Bc4 $18) 17. Rxe8 (17. axb5 $2 Nf4 $1 18. gxf4 Qg4+ 19. Kf1
Bd3 20. Ne4 Qf3 21. Ke1 Bxe2 22. Qxe2 Qh1+ 23. Kd2 Rxe4 24. Qd1 Bxf4+ 25. Kd3
Re1 26. Bxf4 Qe4+ {0-1 Enders,P-Goldberg,A/BL 9293/1993/}) 17... Rxe8 18. Nf1 (
18. Bxd5 cxd5 19. axb5 axb5 20. Nf1 h6 $1 21. Ne3 Be4 22. Qg4 Qxg4 23. Nxg4 f5
24. Ne3 f4) (18. axb5 $2 Nf4 $1 19. gxf4 $8 (19. Qf1 Re1 $19) 19... Bxf4 20.
Nf3 (20. Nf1 Be4 21. f3 Bxf3 22. Qc2 Qg4+ $19) 20... Qg4+ 21. Kf1 (21. Kh1 Be4
$19) 21... Bd3+ $1 {0-1/Kotronias,V-Adams,M/Chalkidiki (07)/1992/}) 18... h5 (
18... b4 19. c4 Nf6 20. c5 (20. f3 $16) 20... Bc7 21. Bc4 a5 22. Bd2 h5 23. Qb3
Be4 24. f3 Bd5 25. Re1 Rxe1 26. Bxe1 Qf5 27. Bxd5 Nxd5 28. Qd1 Qe6 29. Bf2 f5 {
1/2-1/2 Wahls,M-Khalifman,A/Hamburg SKA/1991/ (34)}) (18... Nf6 19. Be3 h5 20.
Bg5 Ng4 21. Bh4 Nxf2 22. Qxh5 g6 23. Qf3 Ng4 24. axb5 Kh8 25. bxa6 Re3 26. Nxe3
Qxh2+ 27. Kf1 Nxe3+ 28. Qxe3 Qh1+ 29. Qg1 Qf3+ 30. Ke1 g5 31. Qf2 Qe4+ 32. Qe2
Qh1+ 33. Kd2 Qxa1 34. Qe8+ Kg7 35. Qxf7+ Kh6 36. Qf6+ Bg6 37. Bc2 {1-0 Maus,
So-Foldi,I/Budapest Elekes (12)/1990/}) 19. axb5 (19. Bxd5 cxd5 20. axb5 axb5
21. Ne3 Bg6 (21... h4 22. Qf1 hxg3 23. Qxh3 gxf2+ $2 24. Kg2 $18) (21... Be4
22. Qf1 Qd7 23. f3 $16) 22. Qf1 (22. Nxd5 Be4 23. Ne3) 22... Qd7 23. Ra5 (23.
Nxd5 Bxg3 24. Nf6+ gxf6 25. fxg3 $14) 23... Rb8 24. Ng2 (24. Nxd5 $1 Bxg3 25.
Nf6+ gxf6 26. fxg3 $14) 24... b4 $1 25. Bd2 bxc3 26. Bxc3 Bc7 {0-1/Sax,Gy-Nunn,
J/Bruxelles/1988/ (40)}) 19... axb5 20. Ra6 (20. Bxd5) 20... Nc7 21. Ra7 (21.
Rxc6 $2 Be4 $19) 21... h4 22. Ne3 $2 (22. Bf4 $5 Bxf4 23. gxf4 Be6 $13) 22...
hxg3 23. fxg3 Bxg3 $1 (23... Be4 24. Qg4 (24. Qe2 $5) 24... Qxg4 25. Nxg4 Bd5
26. Bxd5 Nxd5 27. Kf2 $16) 24. hxg3 (24. Bxf7+ Kxf7 (24... Kf8 25. Qe2 Kxf7 26.
hxg3 Qxg3+ 27. Qg2 Rxe3 28. Rxc7+ Qxc7 29. Bxe3 $10) 25. Qe2 (25. hxg3 Rxe3 26.
Rxc7+ Kg8 27. Bxe3 Qxg3+ 28. Kf1 Bh3+ 29. Ke2 Bg4+ 30. Kd2 Qg2+ 31. Kc1 Bxd1
32. Kxd1 Qh1+ 33. Kd2 Qh2+ $19) 25... Rh8 26. Nf1 Bd6 $19) 24... Rxe3 25. Bxe3
(25. Bxf7+ Kf8 (25... Kxf7 $19) 26. Bxe3 Qxg3+ 27. Kf1 Bh3+ 28. Ke2 Bg4+ 29.
Kd2 Bxd1 $19) 25... Qxg3+ 26. Kf1 Bh3+ 27. Ke2 Bg4+ 28. Kd2 Bxd1 29. Bxd1 (29.
Kxd1 Qxe3 30. Rxc7 Qg1+ 31. Kc2 Qh2+ $19) 29... Nd5 30. Ra8+ Kh7 31. Re8 (31.
Bc2+ f5 32. Re8 (32. Bxf5+ g6 33. Ra7+ Kh8 34. Bxg6 Qxg6 $19) 32... g6 $19)
31... f5 32. Ke2 $6 Qh2+ 33. Kd3 (33. Bf2 $2 Qh5+) 33... Qxb2 (33... Qxb2 34.
Bd2 Qb1+ 35. Ke2 f4 $19) 0-1

[Event "Grand Slam Final 2nd"]
[Site "Bilbao"]
[Date "2009.09.08"]
[Round "3"]
[White "Shirov, Alexei"]
[Black "Aronian, Levon"]
[Result "0-1"]
[WhiteElo "2730"]
[BlackElo "2773"]
[Annotator "Ftacnik,L"]
[PlyCount "58"]
[EventDate "2009.09.06"]
[EventType "tourn"]
[EventRounds "6"]
[EventCountry "ESP"]
[EventCategory "20"]
[SourceTitle "CBM 132"]
[Source "ChessBase"]
[SourceDate "2009.09.16"]
[SourceVersion "1"]
[SourceVersionDate "2009.09.16"]
[SourceQuality "1"]

1. e4 e5 2. Nf3 Nc6 3. Bb5 a6 4. Ba4 Nf6 5. O-O Be7 6. Re1 b5 7. Bb3 O-O 8. c3
d5 9. exd5 Nxd5 10. Nxe5 Nxe5 11. Rxe5 c6 12. d4 Bd6 13. Re1 Qh4 14. g3 Qh3 15.
Be3 Bg4 16. Qd3 Rae8 17. Nd2 Qh5 18. a4 Re6 19. axb5 axb5 20. Nf1 {The
Marshall Attack has come to haunt White 1.e4 players in their dreams. Getting
any advantage against the supremely active Black pieces is very difficult, the
outcome often depends on the smallest of details. The knight move has been
quite successful in practice, it prepares the retreat of the bishop from e3.}
Bf5 {Kicking the queen is clearly the most unpleasant reaction as White will
struggle to coordinate his pieces.} (20... Rfe8 21. Bd1 Bxd1 (21... f5 22. Bxg4
Qxg4 23. Bd2 $14) 22. Qxd1 {The exchange of light squared bishops simplifies
White's defensive tasks. Black will need to be happy with positional
compensation for the sacrificed pawn.} Qf5 23. Bd2 (23. Ra6 h5 $1 24. Rxc6 h4
25. Bd2 h3 $5 (25... Rxe1 26. Bxe1 h3 27. f3 Bf8 28. Ra6 b4 29. Ra1 $1 (29. Ra5
$2 Nxc3 $1 $19 (29... Ne3 $2 30. Rxf5 Nxd1 31. Re5 Rxe5 32. dxe5 Bc5+ 33. Kh1
Nxb2 34. cxb4 {1-0 Sokolov,A (2585)-Hellers,F (2525)/Reykjavik 1990 (69)}))
29... bxc3 30. bxc3 Rc8 31. g4 Qg6 32. Qb1 Qc6 33. Qd3 Nxc3 34. Bd2 $14 {
Figlio,G (2431)-Sarink,H (2249)/corr/2004/}) 26. Rxe6 Rxe6 27. Ra6 (27. Ne3
Nxe3 28. Bxe3 Qe4 29. Rc8+ Bf8 30. Kf1 Ra6 31. Rxf8+ $8 Kxf8 32. Ke2 Ra2 33.
Qb3 Qb1 34. Kf3 {Metz,W-Oim,T/corr/1988/} Rxb2 $15) 27... Qe4 28. Ra8+ Bf8 29.
f3 {1/2, Droessler,U-Zenker,O/corr/2003/} Qd3 30. Kf2 b4 $44) 23... Rxe1 24.
Bxe1 h5 25. h4 (25. Bd2 h4 $36) 25... g6 {This move suggested by Nunn helps to
stabilise Black's pawn structure and it harmonises with his pieces.} (25... c5
26. b3 (26. Kg2 cxd4 27. Qxd4 Bc5 28. Qd1 {-26.Kg2} Re5 $1 29. Qf3 Qe6 30. b4
Bb6 31. Ra8+ Kh7 32. Ra1 Qg6 33. Kg1 Nf6 $36 {Elburg,J-Simmelink,J/corr/1999/})
(26. dxc5 Bxc5 27. Kg2 {-26.Kg2}) 26... g6 $5 (26... cxd4 27. Qxd4 Re4 28. Qd3
Bc5 29. Kg2 $1 {/\Nd2,f3} (29. Ra8+ Kh7 30. Re8 Nxc3 $3 31. Kg2 Kg6 32. Rxe4
Qxe4+ 33. Qxe4+ Nxe4 34. f3 $11 {1/2-1/2 Chandler,M (2575)-Nunn,J (2585)/
Hastings 1987 (36)}) (29. c4 Nb4 $1 30. Qb1 Qf3 $36) 29... Re5 30. Ra8+ Kh7 31.
Qxf5+ Rxf5 32. f4 Rf6 33. Rc8 Bd6 34. Bf2 $16 {Ward,R (2354)-Garcia Rojas,H 
(2191)/corr/2000/}) (26... Nf6 27. Ra6 Bb8 28. dxc5 Qxc5 29. Ra2 Be5 30. Re2
Ng4 31. Qd3 Re6 32. Kg2 Rd6 33. Qf5 g6 34. Qc2 {Mrugala,A (2319)-Heutgens,D 
(2309)/corr/1995/}) 27. c4 bxc4 28. bxc4 Nf6 29. Ra6 $5 (29. d5 Ng4 {/\Ne5<=>})
29... Rd8 30. Ba5 Rd7 31. d5 Be5 32. Ne3 Qe4 33. Bd2 $6 (33. Qb3 $5 {/\Bc3})
33... Rb7 $44 {Patocka,F-Moynihan,K (2140)/corr/1997/}) 26. b3 $1 {This
important novelty is hoping to set the pawn mass on the queenside in motion.} (
26. Kg2 c5 27. Qf3 (27. dxc5 Bxc5 28. Qf3 Qd7 {/\Re5<=>}) 27... cxd4 28. Qxf5
gxf5 29. Rd1 Re4 30. Rxd4 Rxd4 31. cxd4 f4 {De Silva,D (2255)-Zenker,O (2428)/
corr/2003/ (38)}) 26... b4 $6 (26... c5 27. c4 $14) (26... Nf6 27. c4 $14) (
26... Nb6 $5 27. Ra6 (27. Ne3 Qe4 {/\Bg3}) 27... Bc7 $14) 27. c4 Nc3 28. Bxc3
bxc3 29. c5 $1 (29. Ne3 Qe4 30. Nc2 Rd8 $5 $44) 29... c2 (29... Bf8 30. Rc1 Qe4
31. Rxc3 Rd8 32. Rc4 Bg7 33. d5 $14) 30. Qd2 Bc7 (30... Bf8 $5) 31. Rc1 Qf3 32.
Rxc2 $8 Qxb3 33. Qc3 $14 {1-0 Gashimov,V (2717)-Shirov,A (2741)/Poikovsky 2008
(67)}) 21. Qd2 {An ugly square for the queen, but at least it is not
obstructing the light-squared bishop.} (21. Qd1 Bg4 22. Qd2 Qh3 23. Bd1 Bxd1
24. Raxd1 f5 $1 25. f4 g5 26. Qg2 (26. fxg5 f4 27. Bxf4 Bxf4 28. gxf4 Nxf4 29.
Ng3 $8 Qg4 30. Rxe6 $11) 26... Qxg2+ 27. Kxg2 Rfe8 28. Bd2 Rxe1 29. Rxe1 Rxe1
30. Bxe1 gxf4 $11 {1/2-1/2 Karpov,A (2730)-Short,N (2660)/Tilburg 1991 (41)})
21... Bh3 $5 $146 {The first critical moment in the game. The paths are
splitting like in a good fairy tale. Most Black players have preferred 21...
Rfe8, while the correspodence community is busily exploring the 21...Be4
option. Aronian, clever man that he is, is not impressed by any of them and
finds his own way with a new move.} (21... Rfe8 22. Bc2 (22. Bd1 Qg6 23. Bf3 h5
24. Ra6 (24. Qd1 h4 25. Bd2 Rxe1 26. Bxe1 Bc2 27. Qc1 Nf4 28. Ne3 {Kruppa,Y 
(2405)-Ginsburg,G (2280)/Simferopol/1990/} Bd3 $36) 24... h4 25. Rxc6 Nf4 $1
26. Bxf4 Rxe1 27. Be5 (27. Rxd6 $2 Rxf1+ $1 28. Kxf1 Bh3+ 29. Kg1 Qd3 $1 $19)
27... Rxf1+ 28. Kxf1 Bh3+ 29. Ke1 Qb1+ 30. Qd1 Qxb2 31. Rxd6 Qxc3+ 32. Ke2 hxg3
33. hxg3 Rxe5+ 34. dxe5 Qxe5+ 35. Be4 $8 Qxe4+ $132 {Fleetwood,D (2487)
-Olofsson,D (2515)/corr/1999/}) (22. Bxd5 cxd5 23. Bf4 (23. Qe2 Qxe2 24. Rxe2
b4 25. Ree1 bxc3 26. bxc3 Rc8 27. Bd2 Be4 28. Re3 h5 29. f3 Bf5 30. Ra5 $16 {
1-0 Del Rio Angelis,S (2479)-Hebden,M (2544)/Port Erin 2003 (61)}) 23... Rxe1
24. Rxe1 Rxe1 25. Qxe1 Be4 26. Nd2 Bxf4 27. Nxe4 dxe4 28. gxf4 Qg4+ 29. Kf1 {
1/2, Ivanchuk,V (2660)-Sokolov,I (2525)/Biel/1989/}) 22... Bh3 23. Qd1 Bg4 24.
Qd3 Qh3 25. Bd2 Re2 (25... Be2 26. Rxe2 $1 Rxe2 27. Ra6 $14) 26. Rxe2 Bxe2 27.
Re1 Bxd3 28. Rxe8+ Bf8 29. Bxd3 Qd7 30. Re1 {1/2, Svidler,P (2746)-Jakovenko,D
(2711)/Foros/2008/ The position was in the balance despite the different
material both players had at their disposal.}) ({The move of the correspodence
community is a bit dangerous for White as the bishop on e4 makes no secret
about its aggressive ambitions.} 21... Be4 22. Bd1 (22. Bc2 Bf3 (22... f5 23.
Bd1 (23. Bxe4 Rxe4 24. Qd3 Rfe8 25. Bd2 Rxe1 26. Rxe1 Rxe1 27. Bxe1 $14 {
1-0 Schulz,R-Schwarz,A/Germany 1996 (34)}) 23... Qh3 24. f3 f4 25. fxe4 fxg3 (
25... fxe3 26. Qg2 Qxg2+ 27. Kxg2 Rf2+ 28. Kg1 Rxe4 29. Nxe3 Rxb2 30. Bf3 {
1-0 Everitt,G (2331)-Haag,R (2057)/ICCF email 2005 (43)}) 26. Qg2 gxh2+ 27. Kh1
Qxg2+ 28. Kxg2 Rxe4 29. Bb3 (29. Kh1 Nxe3 30. Nxe3 g6 31. Bc2 Ree8 32. Ng4
Rxe1+ 33. Rxe1 $16 {1-0 Dyakov,A (2268)-Silva,M (2166)/IECG email 2004 (42)})
29... h1=Q+ 30. Kxh1 Rh4+ 31. Kg2 Rg4+ 32. Kh1 (32. Kh3 h5 33. Bd1 Rg6 34. Kh4
Be7+ 35. Kh3 Bd6 {0-1 Barbre,S (2464)-Duliba,E (2336)/USA 1999 (51)}) 32...
Rh4+ 33. Kg2 {1/2-1/2 Rubinchik,L-Vitomskis,J/ICCF corr 1989}) 23. Bd1 Rfe8 24.
Bxf3 Qxf3 25. Qd3 h5 26. Ra6 (26. Qd1 Qf5 27. Ra6 Rf6 28. Qd2 h4 $15 {0-1 Zink,
J-Hansel,R/DESC email 2005 (36)}) 26... Bb8 27. Qd1 Qf5 28. Bd2 Rxe1 29. Bxe1
Qc8 30. Ra8 h4 31. Bd2 $14 {1/2-1/2 Piculjan,N (2438)-Blauhut,H (2446)/ICCF
email 2004 (50)}) 22... Qh3 (22... Qf5 23. Qe2 Nf6 24. Nd2 Bd5 25. b3 c5 26.
dxc5 Bxc5 (26... Bf4 27. b4 Bc6 28. Nf3 Bxe3 29. fxe3 Qe4 30. Rc1 Ng4 31. Qc2
Qxc2 32. Rxc2 Rxe3 33. Rxe3 Nxe3 34. Rc1 Nxd1 35. Nd4 {1-0 Schwetlick,T (1817)
-Alves,L (2347)/ICCF email 2000}) 27. Qxb5 Bxe3 28. Rxe3 Rxe3 29. fxe3 Ne4 30.
Qf1 Qe6 31. Ra6 Qe7 32. Nc4 Nxc3 33. Bf3 Bxc4 34. Qxc4 Qxe3+ 35. Kg2 Qd2+ 36.
Kh3 Qe3 37. Qf4 {1/2-1/2 Mueller Toepler,M (2057)-Leone,F (2377)/ICCF email
2007}) (22... Qg6 23. Qe2 (23. f3 Bd3 (23... Bf5 24. Bb3 Bh3 25. Bf2 Rxe1 26.
Rxe1 Be6 27. Bc2 f5 28. Ne3 Nf4 29. Kh1 Nh3 30. Bg1 Qf7 31. f4 Re8 {1/2-1/2
Perez,B (2374)-Daurelle,H (2272)/Chessfriend.com 2005 (45)} 32. Kg2 $16) 24.
Bf2 (24. Bb3 h5 25. Rad1 Bxf1 26. Bc2 f5 27. Kxf1 Bxg3 28. hxg3 {1/2-1/2
Frigato,D (2293)-Herrera,A (2178)/ICCF email 2007}) 24... Rxe1 25. Qxe1 h5 26.
Be2 Bc2 27. c4 Nf4 28. c5 Re8 {1/2-1/2 Wurschner,M (2286)-Sedlacek,P (2406)/
ICCF email 2007 (32)}) 23... b4 24. Bd2 Nf6 25. Bb3 bxc3 26. bxc3 Re7 27. Qd1
$14 {1/2-1/2 Matic,D (2296)-Petzold,G (2334)/Chessfriend.com 2004 (61)}) 23. f3
Bg6 24. Ra6 Nc7 25. Ra7 Nd5 26. Bb3 Qf5 27. Qf2 Rfe8 28. Ra6 Bf8 {1/2-1/2
Fleetwood,D-Espindola,C/ICCF corr 2000 (51) Proving an advantage is as
difficult for White as ever in Marshall gambit lines.}) 22. Bd1 Qg6 (22... Qf5
23. Qe2 $1 Qe4 (23... Rfe8 24. Bc2 $16) 24. Qf3 Qd3 25. Bb3 b4 26. Bxd5 cxd5
27. Qxd5 bxc3 28. bxc3 Qxc3 29. Qh5 Bxf1 30. Kxf1 (30. Rxf1 Rxe3 31. fxe3 Qxe3+
32. Kg2 Qxd4 $14) 30... f5 31. Qe2 $14) 23. Bf3 $5 {The bishop will help to
protect white king from the a8-h1 diagonal.} (23. Qe2 $2 Nf4 $1 24. Qd2 Ng2 25.
Re2 Nh4 26. Re1 Ng2 $11) 23... Qf5 24. Bh1 (24. Qd1 h5 25. Ra6 (25. Bxh5 $2 Rf6
$1 26. Qe2 Re8 $17) 25... Bc7 26. Nd2 h4 $13) (24. Qe2 $5 Rfe8 25. Ra6 Bc7 26.
Nd2 $14) 24... Rfe8 25. Re2 $6 {Defence in positions without direct concrete
threats from the opponent is a very difficult task even for the best players.
Shirov here makes a clumsy move that will cost him a lot of time.} (25. Ra6 Bc7
26. Qd1 h6 $13) 25... h5 $1 26. Qc2 (26. Rae1 $6 h4 27. b3 (27. Qc2 Qh5 $17)
27... Qh5 28. c4 Bb4 $17) 26... Qg4 $1 27. Ree1 {The inconvenience is mounting
for White as he realised the dangers of the active approach with the
counterattack against the c6-pawn.} (27. Ra6 h4 28. Rxc6 Nf4 $1 29. Re1 Bxf1
30. Rxd6 (30. Rxf1 Ne2+ 31. Kg2 h3#) (30. Kxf1 Qh3+ 31. Kg1 hxg3 32. hxg3 Rxe3
$19) 30... hxg3 31. hxg3 Rxd6 32. Qd1 Rxe3 33. Qxg4 Rxe1 34. Qxf4 Be2+ 35. Kg2
Rh6 $19) 27... h4 28. Qd1 (28. Qe2 Nxe3 29. fxe3 Qg5 $17) 28... Qf5 29. Qf3 $2
{The last (!) and pretty horrible move of the game. The queen simply does not
belong on f3. With the correct defence with Qb1 White could have kept the
chances about balanced.} (29. Qb1 $1 Qh5 30. Qd1 Qg6 (30... Bg4 31. Qd3 Bf3 32.
Bxf3 Qxf3 33. Qd1 Qf5 34. Qb1 Qg4 35. Qd1 Qg6 36. Qf3 (36. Qb1 f5 $15) 36...
Qc2 37. Re2 Qd3 38. Ree1 $11) 31. Bxd5 cxd5 32. Qf3 Qc2 33. Qxd5 Qxb2 $13)
29... Qg6 $1 {Shirov got truly depressed when he realised, that the queen will
have to retreat to d1 and it loses by force! A rare and genuine battle of
shadows...} (29... Qg6 $1 30. Qd1 (30. Ra7 Bg4 $1 31. Qg2 h3 $19) 30... hxg3
31. hxg3 Bxf1 $1 (31... Nxe3 32. Rxe3 Rxe3 33. fxe3 Bxf1 34. Qxf1 (34. Kxf1
Rxe3 35. Qd2 Qh6 36. Qg2 Bxg3 $19) 34... Qxg3+ 35. Qg2 Qxe3+ 36. Qf2 Qg5+ 37.
Bg2 Bf4 $17) 32. Bxd5 cxd5 33. Kxf1 Bxg3 34. Qf3 Rf6 35. Qg2 Qd3+ 36. Kg1 Bxf2+
37. Bxf2 Rxe1+ 38. Rxe1 Rg6 $19) 0-1

[Event "Biel GM"]
[Site "Biel"]
[Date "2004.07.20"]
[Round "2"]
[White "Morozevich, Alexander"]
[Black "Bacrot, Etienne"]
[Result "1-0"]
[WhiteElo "2743"]
[BlackElo "2712"]
[Annotator "Ftacnik,L"]
[PlyCount "61"]
[EventDate "2004.07.19"]
[EventType "tourn"]
[EventRounds "10"]
[EventCountry "SUI"]
[EventCategory "18"]
[SourceTitle "CBM 102"]
[Source "ChessBase"]
[SourceDate "2004.09.23"]
[SourceVersion "1"]
[SourceVersionDate "2004.09.23"]
[SourceQuality "1"]

1. e4 e5 2. Nf3 Nc6 3. Bb5 a6 4. Ba4 Nf6 5. d3 b5 6. Bb3 Be7 7. c3 O-O 8. Nbd2
d5 9. O-O Bb7 10. Re1 dxe4 11. dxe4 Bc5 12. h3 (12. Qe2 Ng4 13. Rf1 Nf6 14. Bc2
Qd7 15. b4 Bb6 16. a4 Rfe8 17. axb5 axb5 18. Rxa8 Rxa8 19. Qxb5 Ba6 20. Qa4 Nd4
21. cxd4 Qxa4 22. Bxa4 Bxf1 23. Bc6 Ra2 24. dxe5 Rc2 25. Kxf1 Rxc1+ 26. Ke2 {
1-0 Novik,M-Zavlin,K/St Petersburg 1992/ (44)}) 12... Nh5 $6 {Bacrot has been
carried away by optimism, that his position already allows for the active
operations. It was better to finish the development with balanced chances.} (
12... Qe7 13. Qe2 b4 14. Bc2 a5 15. Qb5 Rfb8 16. Nb3 Bd6 17. Bg5 a4 18. Nbd2 a3
19. Bxf6 Qxf6 20. bxa3 bxc3 21. Nb3 Bxa3 22. Nc5 Ra5 {0-1 Nielsen,P-Rorvik,J/
Copenhagen 2003/ (22)}) 13. Bd5 Qf6 (13... Nf6 14. Bxc6 (14. Nb3 Bd6 15. Bg5 h6
16. Bh4 Qe7 $14) 14... Bxc6 15. Nxe5 Bxe4 (15... Bb7 16. Qc2 Re8 17. Nef3 $14)
16. Nxe4 Qxd1 17. Nxf6+ gxf6 18. Rxd1 fxe5 19. Rd5 Bd6 20. Be3 Rad8 21. Rad1
$14) 14. a4 $1 Nf4 (14... Bb6 15. Nb3 Nf4 16. Bxf4 Qxf4 17. axb5 axb5 18. Qd3
$14) 15. Nb3 Bb6 (15... Nxd5 $2 16. Nxc5 $18) 16. Bxf4 Qxf4 (16... exf4 17. e5
Qg6 18. Be4 Qh6 19. Nbd4 Rad8 20. Qc1 $14) 17. Qe2 bxa4 $6 {[%mdl 16] The
defender will avoid loss of a pawn with this antipositional move, but his
structure will remain very weak.} (17... Rfd8 18. axb5 axb5 19. Rxa8 Bxa8 20.
Qxb5 $14) 18. Rxa4 Rfd8 19. Rc4 $1 Rd6 (19... Qf6 20. Nc5 Bc8 21. Bxc6 Qxc6 22.
Nxe5 Qf6 23. Ned3 $16) 20. Nc5 Bxc5 (20... Bc8 $2 21. Nd3 Qf6 22. Rxc6 Rxc6 23.
Ndxe5 Bb7 24. Bxf7+ Kh8 25. Bd5 $18) 21. Rxc5 Rad8 (21... Re8 22. Bxc6 Bxc6 23.
Qxa6 Bd7 (23... Bxe4 24. Qc4 $18) 24. Qe2 $16) 22. b4 $1 (22. Bxc6 Bxc6 23.
Nxe5 Ba8 24. b4 $16) 22... Rg6 (22... Qf6 23. c4 Ba8 24. b5 axb5 25. cxb5 Nb4
26. Bc4 Nd3 27. Bxd3 Rxd3 28. Rxc7 $16) 23. Qe3 Rgd6 (23... Qxe3 24. Rxe3 Re8
25. c4 Ba8 26. b5 axb5 27. cxb5 Nd4 28. Bc4 Ne6 29. Rxe5 $18) 24. Qxf4 {
Morozevich was in an excellent position facing one last problem-how to choose
the most efficient method of realization the advantage.} (24. Nxe5 $1 Qxe3 25.
Rxe3 Nxe5 26. Bxb7 Rd1+ 27. Kh2 Nd3 28. Rxc7 Nxf2 29. Bd5 $18) 24... exf4 25.
Ra1 Kf8 (25... R8d7 26. b5 axb5 27. Bxc6 Rxc6 28. Rxc6 Bxc6 29. Ne5 $18) 26. c4
Rb8 (26... R8d7 27. e5 Rh6 28. e6 Rxe6 29. Bxe6 fxe6 30. Rxc6 Bxc6 31. Ne5 Rd6
32. c5 $18) 27. Rb1 (27. Ng5 Nxb4 28. Rxc7 Bxd5 29. exd5 $18) 27... Ba8 28. e5
Rh6 29. e6 Rb6 (29... Ne7 30. Ne5 Rc8 31. Bxa8 Rxa8 32. exf7 $18) 30. exf7 Rh5
(30... Rb8 31. Ng5 $18) 31. Re1 $1 (31. Re1 $1 Ne7 32. Rxc7 Bxd5 33. Rexe7 Bc6
34. Nd4 $18) 1-0

[Event "Chalkidiki"]
[Site "Chalkidiki"]
[Date "1992.??.??"]
[Round "7"]
[White "Kotronias, Vasilios"]
[Black "Adams, Michael"]
[Result "0-1"]
[WhiteElo "2560"]
[BlackElo "2560"]
[Annotator "Ftacnik,L"]
[PlyCount "42"]
[EventDate "1992.09.??"]
[EventType "tourn"]
[EventRounds "11"]
[EventCountry "GRE"]
[EventCategory "14"]
[SourceTitle "CBM 032"]
[Source "ChessBase"]
[SourceDate "1993.02.01"]
[SourceVersion "1"]
[SourceVersionDate "1993.02.01"]
[SourceQuality "1"]

1. e4 {Anand} e5 2. Nf3 Nc6 3. Bb5 a6 4. Ba4 Nf6 5. O-O Be7 6. Re1 b5 7. Bb3
O-O 8. c3 d5 9. exd5 Nxd5 10. Nxe5 Nxe5 11. Rxe5 c6 12. d4 Bd6 13. Re2 Qh4 14.
g3 Qh3 15. Nd2 Bf5 16. a4 (16. Qf1 Qh5 17. Re1 Nf4 $5 18. gxf4 Bxf4 19. Qg2 Bh3
20. Qxc6 Bxh2+ 21. Kh1 Bg4 22. Qg2 Rae8 23. Rxe8 Bb8+ 24. Kg1 Rxe8 25. Ne4 Kf8
26. f4 Bh3 27. Ng3 Qg4 28. Qf2 h5 29. Bd2 h4 30. Bd1 hxg3 31. Qf3 f5 32. Qd5
Qxf4 {0-1/Schlosser,M-Adams,M/Oakham/1990/}) 16... Rae8 (16... Bd3 {Anand is
also a good equaliser - Anand-Khalifman Reggio 1991}) 17. Rxe8 Rxe8 18. axb5 $2
(18. Nf1 h5 (18... b4 19. c4 Nf6 20. c5 Bc7 21. Bc4 a5 22. Bd2 h5 23. Qb3 Be4
$44 {Wahls,M-Khalifman,A/Hamburg SKA/1991/}) 19. Bxd5 cxd5 20. axb5 (20. Ne3 {
Anand} Bg6 21. axb5 axb5 {Sax-Nunn 1988}) 20... axb5 21. Ne3 $14 {Sax,Gy-Nunn,
J/Bruxelles/1988/}) 18... Nf4 $1 19. gxf4 $8 (19. Qf1 Re1 $19) 19... Bxf4 20.
Nf3 (20. Nf1 Be4 21. f3 Bxf3 $19 (21... Bxf3 {Anand} 22. Qc2 Qg4+ $19)) 20...
Qg4+ 21. Kf1 (21. Kh1 Be4 $19) 21... Bd3+ $1 {Ftacnik,L} (21... Bd3+ $1 22.
Qxd3 Qh3+ 23. Kg1 Re1+ 24. Nxe1 Bxh2+ 25. Kh1 Bg3+ 26. Kg1 Qh2+ 27. Kf1 Qxf2#)
0-1